Detalles MARC
| 000 -LEADER |
| fixed length control field |
01830nam a2200397 4500 |
| 001 - CONTROL NUMBER |
| control field |
|
| 003 - CONTROL NUMBER IDENTIFIER |
| control field |
DO-SdBNP |
| 005 - DATE AND TIME OF LATEST TRANSACTION |
| control field |
20171127121114.0 |
| 007 - PHYSICAL DESCRIPTION FIXED FIELD--GENERAL INFORMATION |
| fixed length control field |
000028487 |
| 008 - FIXED-LENGTH DATA ELEMENTS--GENERAL INFORMATION |
| fixed length control field |
110408t1996 pr a 001 0 spa d |
| 020 ## - INTERNATIONAL STANDARD BOOK NUMBER |
| International Standard Book Number |
|
| 040 ## - CATALOGING SOURCE |
| Original cataloging agency |
BPMSU |
| Language of cataloging |
spa |
| Transcribing agency |
BPMSU |
| 092 ## - LOCALLY ASSIGNED DEWEY CALL NUMBER (OCLC) |
| Classification number |
|
| Item number |
|
| 100 ## - MAIN ENTRY--PERSONAL NAME |
| Personal name |
Delgado Mercado, Osiris, |
| Dates associated with a name |
1920-2017 |
| 111 2# - MAIN ENTRY--MEETING NAME |
| Meeting name or jurisdiction name as entry element |
Seminario internacional "El exilio republicano español en la sociedad dominicana" |
| Date of meeting |
(2010 : mar 4-5: |
| Location of meeting |
Santo Domingo, República Dominicana) |
| 245 13 - TITLE STATEMENT |
| Title |
Sobre el lugar del descubrimiento de Puerto Rico / |
| Statement of responsibility, etc. |
Osiris Delgado, Adam Szászdi, Ricardo Alegría |
| 246 12 - VARYING FORM OF TITLE |
| Title proper/short title |
Informe realizado por encomienda de la Academia Puertorriqueña de la Historia |
| 260 ## - PUBLICATION, DISTRIBUTION, ETC. (IMPRINT) |
| Place of publication, distribution, etc. |
Puerto Rico : |
| Name of publisher, distributor, etc. |
Academia Puertorriqueña de la Historia, |
| -- |
|
| -- |
|
| Date of publication, distribution, etc. |
1998. |
| 300 ## - PHYSICAL DESCRIPTION |
| Extent |
110 p. ; |
| Other physical details |
maps |
| Dimensions |
21 cm. |
| 500 ## - GENERAL NOTE |
| General note |
"Esta publicación corresponde al Boletín de la Academia Puertorriqueña de la Historia, Vol. XVII, Núm. 53, 1ro de enero de 1996." |
| 500 ## - GENERAL NOTE |
| General note |
Boletín de la Academia Puertorriqueña de la Historia.<br/> |
| 650 #4 - SUBJECT ADDED ENTRY--TOPICAL TERM |
| Topical term or geographic name as entry element |
EXPATRIACIÓN |
| Geographic subdivision |
ESPAÑA |
| General subdivision |
CONGRESOS, CONFERENCIAS, ETC. |
| 650 #4 - SUBJECT ADDED ENTRY--TOPICAL TERM |
| Topical term or geographic name as entry element |
REFUGIADOS POLÍTICOS |
| General subdivision |
CONGRESOS, CONFERENCIAS, ETC. |
| 651 #4 - SUBJECT ADDED ENTRY--GEOGRAPHIC NAME |
| Geographic name |
REPÚBLICA DOMINICANA |
| General subdivision |
HISTORIA |
| Chronological subdivision |
ERA DE TRUJILLO, 1930-1961 |
| 651 #4 - SUBJECT ADDED ENTRY--GEOGRAPHIC NAME |
| Geographic name |
REPÚBLICA DOMINICANA |
| General subdivision |
EMIGRACIÓN E INMIGRACIÓN |
| -- |
CONGRESOS, CONFERENCIAS, ETC. |
| 651 #4 - SUBJECT ADDED ENTRY--GEOGRAPHIC NAME |
| Geographic name |
ESPAÑA |
| General subdivision |
EMIGRACIÓN E INMIGRACIÓN |
| -- |
CONGRESOS, CONFERENCIAS, ETC. |
| 651 #4 - SUBJECT ADDED ENTRY--GEOGRAPHIC NAME |
| Geographic name |
ESPAÑA |
| General subdivision |
HISTORIA |
| Chronological subdivision |
GUERRA CIVIL, 1936-1939 |
| General subdivision |
CONGRESOS, CONFERENCIAS, ETC. |
| 651 #4 - SUBJECT ADDED ENTRY--GEOGRAPHIC NAME |
| Geographic name |
ESPAÑOLES EN REPÚBLICA DOMINICANA |
| General subdivision |
CONGRESOS, CONFERENCIAS, ETC. |
| 830 #0 - SERIES ADDED ENTRY--UNIFORM TITLE |
| Uniform title |
|
| Volume number/sequential designation |
|
| 830 #0 - SERIES ADDED ENTRY--UNIFORM TITLE |
| Uniform title |
|
| Volume number/sequential designation |
|
| 910 ## - USER-OPTION DATA (OCLC) |
| User-option data |
|
| 930 #1 - EQUIVALENCE OR CROSS-REFERENCE-UNIFORM TITLE HEADING [LOCAL, CANADA] |
| Language of a work |
|
| Medium of performance for music |
|
| Field link and sequence number |
|
| Date of a work |
|
| Name of part/section of a work |
|
| Miscellaneous information |
|
| 942 ## - ADDED ENTRY ELEMENTS (KOHA) |
| Source of classification or shelving scheme |
Dewey Decimal Classification |
| Koha item type |
Libros |
| 945 ## - LOCAL PROCESSING INFORMATION (OCLC) |
| a |
Inventariado extranjero 2017/ VM |
| 956 ## - LOCAL ELECTRONIC LOCATION AND ACCESS (OCLC) |
| Host name |
VMATEO |
| Access number |
10 |
| Compression information |
20171127 |
| Logon |
BPMSU |
| Processor of request |
00151 |